| 000 | 00441nam a2200121Ia 4500 | ||
|---|---|---|---|
| 008 | 220615s9999||||xx |||||||||||||| ||und|| | ||
| 100 | _aYingyi Zhang | ||
| 245 | 0 | _aRecovery and Utilization of Metallurgical Solid Waste | |
| 546 | _aEnglish[eng] | ||
| 650 | _aLife Sciences||Waste Management||Recycling||Environmental Sciences | ||
| 856 | _uhttps://www.intechopen.com/books/recovery-and-utilization-of-metallurgical-solid-waste | ||
| 942 | _cEB | ||
| 999 |
_c13139 _d13139 |
||